000
00286nam a22001337a 4500
008
170704b xxu||||| |||| 00| 0 eng d
020
_a
9780072405217
041
_a
eng
080
_2
3RD
_a
05
100
_a
22
101
_a
GJL
245
_a
TRANSITIONS
_c
CLOOUSE,B.F
942
_2
udc
_c
BK
999
_c
19921
_d
19921